Blackpink in your area - Mort subite - Statistiques

Statistiques générales
  • Ce quiz a été pris 438 fois
  • Le résultat moyen est 4 sur 7
Answers on the Grid
Answers color-coded by a green-red scale on the quiz's grid according to % correct below.
Lovesick Girls
Pink Venom
As if it's your last
Shut Down
How you like that
Ready for love
The Girls
Jump
Boombayah
Typa Girl
Kill this love
Ddu du ddu du
Ice Cream
Whistle
 
Statistiques - réponses
Réponse % Correct
Boombayah
70%
How you like that
70%
Kill this love
63%
As if it's your last
57%
Shut Down
49%
Jump
45%
The Girls
32%
Aucun quiz correspondant
Distribution des résultats
% des personnes avec chaque résultat
Percentile par nombre de réponses
Votre historique - résultats
Vous n’avez pas pris ce quiz